000 00563nam a2200205Ia 4500
005 20230711094742.0
008 131103s9999 xx 000 0 und d
040 _aLoreto College
041 _aEnglish
082 _a973
_bBAI
100 _aBailey,Thomas A.
245 4 _aThe American Pageant
_b a history of the Republic
_cThomas A.Bailey
250 _a2nd ed.
260 _aBoston
_bD.C.Heath and Co.
_c1961
300 _axvi,1037 p.
_b ill.,charts,maps
504 _aIncludes index
650 _aUnited States - History
850 _aLCLIB
942 _cBK
999 _c7707
_d58186